Politics - Sense - Experience <A> Pragmatic Inquiry into the Promise of Democracy

Na minha lista:
Detalhes bibliográficos
Autor principal: Kaufman-Osborn, Timothy V.
Formato: Livro
Idioma:inglês
Publicado em: Ithaca Cornell University Press 1991
Edição:1. ed.
Assuntos:
Tags: Adicionar Tag
Sem tags, seja o primeiro a adicionar uma tag!

MARC

LEADER 00000nam a2200000 4500
001 c019337
005 20221206114848.0
020 |a 0-8014-2504-2 
041 0 |a eng 
044 |a US 
245 1 0 |a Politics - Sense - Experience  |b <A> Pragmatic Inquiry into the Promise of Democracy  |c Timothy V. Kaufman-Osborn 
250 |a 1. ed. 
264 1 |a Ithaca  |b Cornell University Press  |c 1991 
300 |a 327 s. 
610 2 0 |a demokracia 
610 2 0 |a liberalizmus 
610 2 0 |a filozofia 
610 2 0 |a smery filozofické 
610 2 0 |a politika 
610 2 0 |a teórie politické 
100 1 |a Kaufman-Osborn, Timothy V.